“Galanterie” between the book trade and political control of literature (notice n° 1614675)

détails MARC
000 -LEADER
fixed length control field 01188cam a2200217 4500500
005 - DATE AND TIME OF LATEST TRANSACTION
control field 20260111064405.0
041 ## - LANGUAGE CODE
Language code of text/sound track or separate title fre
042 ## - AUTHENTICATION CODE
Authentication code dc
100 10 - MAIN ENTRY--PERSONAL NAME
Personal name Roussillon, Marine
Relator term author
245 00 - TITLE STATEMENT
Title “Galanterie” between the book trade and political control of literature
260 ## - PUBLICATION, DISTRIBUTION, ETC.
Date of publication, distribution, etc. 2025.<br/>
500 ## - GENERAL NOTE
General note 75
520 ## - SUMMARY, ETC.
Summary, etc. Gallantry appeared in the XVII century as a bookstore phenomenon : an attempt to enlarge the audience of printed books readers by promoting an entertainment literature. This phenomenon was also an instrument of political control over writings, with the invention of a gallant style of writing of current events. The cases of Madelaine de Scudéry, Jean Donneau de Visé, and Marie-Catherine de Villedieu reveal differentiated uses of gallantry at the interface between the book trade and power service.
690 ## - LOCAL SUBJECT ADDED ENTRY--TOPICAL TERM (OCLC, RLIN)
Topical term or geographic name as entry element 17th century literature
690 ## - LOCAL SUBJECT ADDED ENTRY--TOPICAL TERM (OCLC, RLIN)
Topical term or geographic name as entry element entertainment
690 ## - LOCAL SUBJECT ADDED ENTRY--TOPICAL TERM (OCLC, RLIN)
Topical term or geographic name as entry element gallantry
690 ## - LOCAL SUBJECT ADDED ENTRY--TOPICAL TERM (OCLC, RLIN)
Topical term or geographic name as entry element social uses of literature
690 ## - LOCAL SUBJECT ADDED ENTRY--TOPICAL TERM (OCLC, RLIN)
Topical term or geographic name as entry element writing about current events
786 0# - DATA SOURCE ENTRY
Note La Pensée | 423 | 3 | 2025-08-22 | p. 90-100 | 0031-4773
856 41 - ELECTRONIC LOCATION AND ACCESS
Uniform Resource Identifier <a href="https://shs.cairn.info/journal-la-pensee-2025-3-page-90?lang=en&redirect-ssocas=7080">https://shs.cairn.info/journal-la-pensee-2025-3-page-90?lang=en&redirect-ssocas=7080</a>

Pas d'exemplaire disponible.

PLUDOC

PLUDOC est la plateforme unique et centralisée de gestion des bibliothèques physiques et numériques de Guinée administré par le CEDUST. Elle est la plus grande base de données de ressources documentaires pour les Étudiants, Enseignants chercheurs et Chercheurs de Guinée.

Adresse

627 919 101/664 919 101

25 boulevard du commerce
Kaloum, Conakry, Guinée

Réseaux sociaux

Powered by Netsen Group @ 2025